Project finance for construction (Record no. 115881)

MARC details
000 -LEADER
fixed length control field 01130cam a22002295a 4500
001 - CONTROL NUMBER
control field L159417
008 - FIXED-LENGTH DATA ELEMENTS--GENERAL INFORMATION
fixed length control field 170602s2017 xxk f 000 0 eng d
020 ## - INTERNATIONAL STANDARD BOOK NUMBER
International Standard Book Number 9781315673769
035 ## - SYSTEM CONTROL NUMBER
System control number (Sirsi) u159417
041 0# - LANGUAGE CODE
Language code of text/sound track or separate title eng
100 1# - MAIN ENTRY--PERSONAL NAME
Personal name Higham, Anthony
245 00 - TITLE STATEMENT
Title Project finance for construction
Medium [electronic resource]
260 ## - PUBLICATION, DISTRIBUTION, ETC.
Place of publication, distribution, etc. Abingdon
Name of publisher, distributor, etc. Routledge
Date of publication, distribution, etc. 2017
520 ## - SUMMARY, ETC.
Summary, etc. Provides an overview of project finance from inception through to final account and life cycle. Looks at pre-contract financial management, procurement systems, elements of a contractor's bid, design and consultancy teams managing finance and risk for employers, valuations and imterim payments, post contracts, fiancial management, post practice completion capital investment appraisal, corporate accounts and raising capital and managing liquidity.
650 24 - SUBJECT ADDED ENTRY--TOPICAL TERM
Topical term or geographic name entry element PROPERTY FINANCE
650 24 - SUBJECT ADDED ENTRY--TOPICAL TERM
Topical term or geographic name entry element INVESTMENT APPRAISAL
651 #4 - SUBJECT ADDED ENTRY--GEOGRAPHIC NAME
Geographic name United Kingdom
Chronological subdivision
690 ## - LOCAL SUBJECT ADDED ENTRY--TOPICAL TERM (OCLC, RLIN)
Topical term or geographic name as entry element Construction management
9 (RLIN) 6230
700 1# - ADDED ENTRY--PERSONAL NAME
Personal name Bridge, Carl
856 40 - ELECTRONIC LOCATION AND ACCESS
Uniform Resource Identifier <a href="https://www.vlebooks.com/">https://www.vlebooks.com/</a>
Public note View on VLEbooks. Logins for members only from [email protected]
942 ## - ADDED ENTRY ELEMENTS (KOHA)
Suppress in OPAC 0
Holdings
Withdrawn status Lost status Source of classification or shelving scheme Damaged status Not for loan Home library Current library Shelving location Date acquired Total Checkouts Full call number Barcode Date last seen Copy number Price effective from Koha item type
    Dewey Decimal Classification     Virtual Virtual Online 02/06/2017   EBOOK 159417-2001 06/08/2019 1 06/08/2019 Book